Statistiken für Playmobil-Figuren basierend auf realen Personen

Klicken Sie hier um das Quiz zu spielen!

Allgemein

  • Dieses Quiz wurde 53 mal gespielt
    (3 seit der letzten Aktualisierung)
  • Das Durchschnittsergebnis liegt bei 12 aus 39

Antwortstatistiken

JahrNameLebensdatenBerufHerkunft% Korrekt
2016Johann Wolfgang von Goethe1749-1832Dichter, PolitikerDeutschland
100%
(1997) / 2006 / 2016 / 2017 / 2023Kleopatra VII.69-30 v.Chr.PharaoninÄgypten
100%
2017Leonardo da Vinci1452-1519Maler, WissenschaftlerItalien
100%
2015Martin Luther1483-1546Mönch, TheologieprofessorDeutschland
100%
2016Friedrich der Große1712-1786KönigDeutschland
67%
2021Friedrich Schiller1759-1805Dichter, PhilosophDeutschland
67%
2016 / 2017Jeanne d’Arcum 1412-1431KriegerinFrankreich
67%
2019Johann Sebastian Bach1685-1750Komponist, MusikerDeutschland
67%
2018Ludwig Erhard1897-1977Politiker, BundeskanzlerDeutschland
67%
2017Marie Curie1867-1934Physikerin, ChemikerinPolen
67%
(2015) / 2021Napoleon Bonaparte1769-1821General, DiktatorFrankreich
67%
2020Rembrandt van Rijn1606-1669MalerNiederlande
67%
2017 / 2020 / 2021Vincent van Gogh1853-1890MalerNiederlande
67%
2004Edward Teach / Blackbeardum 1680-1718PiratVereinigtes Königreich
33%
2017Florence Nightingale1820-1910KrankenschwesterVereinigtes Königreich
33%
2016 / 2023Gaius Iulius Caesar100-44 v.Chr.Politiker, FeldherrItalien
33%
2014 / 2017Marco Polo1254-1324EntdeckerItalien
33%
2021Sebastian Kneipp1821-1897Priester, NaturheilkundlerDeutschland
33%
2022Werner von Siemens1816-1892Erfinder, UnternehmerDeutschland
33%
2017 / 2019Wolfgang Amadeus Mozart1756-1791Komponist, MusikerÖsterreich
33%
2011Albrecht Dürer1471-1528Maler, MathematikerDeutschland
0%
?Alex Briley* 1951SängerVereinigte Staaten
0%
?David Hodo* 1947SängerVereinigte Staaten
0%
2017Eleonore von Aquitanienum 1124-1204KöniginFrankreich
0%
?Felipe Rose* 1954SängerVereinigte Staaten
0%
2019Friedrich III. von Brandenburg-Bayreuth1711-1763MarkgrafDeutschland
0%
?Glenn Hughes1950-2001SängerVereinigte Staaten
0%
2010Götz von Berlichingenum 1480-1562RitterDeutschland
0%
2015Heinrich der Löweum 1129/30-1195HerzogDeutschland
0%
2017Hypatiaum 355-415/16Mathematikerin, AstronominÄgypten
0%
2022Johann Georg Halske1814-1890UnternehmerDeutschland
0%
2013Lady Gaga* 1986Sängerin, SongwriterinUSA
0%
2018Levi Strauss1829-1902UnternehmerDeutschland
0%
2017Mary Shelley1797-1851SchriftstellerinVereinigtes Königreich
0%
?Randy Jones* 1952SängerVereinigte Staaten
0%
2024Sejong1397-1450KönigSüdkorea
0%
2018Theodor Fontane1819-1898Schriftsteller, JournalistDeutschland
0%
2017Tomoe Gozenum 1157-um 1247KriegerinJapan
0%
?Victor Willis* 1951Sänger, SongwriterVereinigte Staaten
0%

Verteilung der Resultate

Perzentil nach korrekt beantworteten Fragen

Anzahl Personen mit jedem Resultat

Ihre Resultats-Entwicklung

Sie haben dieses Quiz seit der letzten Aktualisierung nicht gespielt